Globalization and the sociology of immanuel wallerstein: a critical appraisal /
Uloženo v:
| Hlavní autor: | |
|---|---|
| Médium: | Text |
| Tagy: |
Přidat tag
Žádné tagy, Buďte první, kdo vytvoří štítek k tomuto záznamu!
|
MARC
| LEADER | 00000 a a2200000 04500 | ||
|---|---|---|---|
| 001 | 45217 | ||
| 003 | |||
| 040 | |||
| 100 | |a Robinson, William I | ||
| 245 | |a Globalization and the sociology of immanuel wallerstein: |b a critical appraisal / |c William I Robinson | ||
| 773 | |g volumen26, número6 ( , 2011), páginas 723-745 | ||
| 999 | |c 37975 |d 37975 | ||
